000 01330camaa22003731i 4500
003 EG-GICUC
005 20260628131858.0
008 770111s1972 nyua jr 000 0 eng
020 _a0070042926
020 _a9780070042926
040 _aEG-GICUC
_cEG-GICUC
_dEG-GICUC
_beng
_erda
050 0 0 _a620.103
_bB3925
082 0 0 _a620.103
_221
_bB3925
092 0 4 _221
_a620.103
_bB3925
099 _a620.103 B3925
100 1 _aBeer, Ferdinand P.
_q(Ferdinand Pierre),
_d1915-2003.
_eAuthor.
245 1 0 _aVector mechanics for engineers.
_pStatics and dynamics
_c[by] Ferdinand P. Beer [and] E. Russell Johnston, Jr.
250 _a2d ed.
260 _aNew York,
_bMcGraw-Hill
_c[1972]
264 _aNew York,
_bMcGraw-Hill
_c[1972]
300 _axiv, 875, lxiii pages.
_billustration.
_c25 cm.
336 _2rdacontent
_atext
337 _2rdamedia
_aUnmediated
338 _2rdacarrier
_avolume
504 _aBibliography: pages 200-250.
541 _aوزارة الثقافة ؛
_bالقاهرة ؛
_cإهداء ؛
_d2023.
650 0 _aMechanics, Applied.
_2qrmak
650 0 _aVector analysis.
_2qrmak
650 0 _aMechanics, Applied
_xProblems, exercises, etc.
_2qrmak
651 1 _2qrmak
700 1 _aJohnston, E. Russell
_q(Elwood Russell),
_d1925-2010,
_ejoint author.
905 _aHany
942 _2ddc
_cBK
_e21
_n0
999 _c180635
_d180635